The All England Law Reports : (Record no. 5278)

MARC details
000 -LEADER
fixed length control field 00854nam a22001937a 4500
008 - FIXED-LENGTH DATA ELEMENTS--GENERAL INFORMATION
fixed length control field 130225t xxu||||| |||| 00| 0 eng d
020 ## - INTERNATIONAL STANDARD BOOK NUMBER
International Standard Book Number 9-7814-0571-8813
082 ## - DEWEY DECIMAL CLASSIFICATION NUMBER
Edition number 22 ed.
Classification number 348.42
Item number ALL
100 ## - MAIN ENTRY--PERSONAL NAME
Personal name Edited by Herring, Wendy
9 (RLIN) 6935
245 ## - TITLE STATEMENT
Title The All England Law Reports :
Remainder of title consolidated Index, 1936-2011 Vol. 2, subject inde A-H /
Statement of responsibility, etc Edited by Wendy Herring
260 ## - PUBLICATION, DISTRIBUTION, ETC. (IMPRINT)
Place of publication, distribution, etc UK :
Name of publisher, distributor, etc LexisNexis
Date of publication, distribution, etc 2011
300 ## - PHYSICAL DESCRIPTION
Extent 1351 P. ;
Dimensions 24 cm.
650 ## - SUBJECT ADDED ENTRY--TOPICAL TERM
Topical term or geographic name as entry element Index and tables
9 (RLIN) 6939
650 ## - SUBJECT ADDED ENTRY--TOPICAL TERM
Topical term or geographic name as entry element consolidated Index, Vol. 2 A-H
9 (RLIN) 6940
650 ## - SUBJECT ADDED ENTRY--TOPICAL TERM
Topical term or geographic name as entry element The All England Law Reports
9 (RLIN) 6937
650 ## - SUBJECT ADDED ENTRY--TOPICAL TERM
Topical term or geographic name as entry element The All England Law Reports : consolidated Index, 1936-2011 Vol. 1, 2 and 3
9 (RLIN) 6938
942 ## - ADDED ENTRY ELEMENTS (KOHA)
Source of classification or shelving scheme Dewey Decimal Classification
Item type Law Reports
Holdings
Withdrawn status Lost status Source of classification or shelving scheme Damaged status Not for loan Home library Current library Shelving location Date acquired Total Checkouts Full call number Barcode Date last seen Copy number Price effective from Koha item type Public note
    Dewey Decimal Classification     Law Development Centre Main Library Law Development Centre Main Library Law Reports 02/25/2013   348.42 ALL 4289/2013 02/25/2013 1 02/25/2013 Law Reports Reserve